Animaux par images A-Z - Statistiques

Statistiques générales
  • Ce quiz a été pris 180 fois
  • Le résultat moyen est 15 sur 26
Statistiques - réponses
Par images Réponse % Correct
Dodo
95%
Manchot
87%
Otarie
86%
Paresseux
85%
Vautour
84%
Yack
82%
Tapir
76%
Kiwi
73%
Ragondin
71%
Zébu
71%
Lamantin
70%
Saumon
68%
Fouine
67%
Ara bleu
64%
Gecko
63%
Capybara
58%
Wallaby
58%
Impala
56%
Nasique
49%
Harfang des neiges
37%
Quokka
34%
Échidné
32%
Urubu
31%
Xérus
27%
Babiroussa
15%
Jaseur d’Amérique
5%
Aucun quiz correspondant
Distribution des résultats
% des personnes avec chaque résultat
Percentile par nombre de réponses
Votre historique - résultats
Vous n’avez pas pris ce quiz